أحكم علاوة الإصدار /
Saved in:
| Main Author: | |
|---|---|
| Other Authors: | |
| Format: | Thesis |
| Language: | Arabic |
| Published: |
Mamlakah al-'Arabiyah al-Sa'udiyah :
Jami'at al-Imam Muhammad ibn Sa'ud al-Islamiyah,
2008
|
| Subjects: | |
| Tags: |
Add Tag
No Tags, Be the first to tag this record!
|
| LEADER | 014540000a22002890004500 | ||
|---|---|---|---|
| 008 | 130705s2008 su a f 000 0 ara d | ||
| 040 | |a UIAM |b eng | ||
| 041 | |a ara | ||
| 050 | 0 | |a HG4661 | |
| 100 | 1 | |a مغل، فيصل بن ظهير بيك | |
| 242 | 1 | 0 | |a Ahkam 'alawat al-isdar |
| 245 | 1 | 0 | |a أحكم علاوة الإصدار / |c إعداد الطالب، فيصل بن ظهير بيك مغل |
| 260 | |a Mamlakah al-'Arabiyah al-Sa'udiyah : |b Jami'at al-Imam Muhammad ibn Sa'ud al-Islamiyah, |c 2008 | ||
| 300 | |a 131 leaves |b ill. ; |c 30 cm. | ||
| 500 | |a "بحث تكميلي لنيل درجة الماجستير في الفقه المقارن"--On t.p. | ||
| 502 | |a Thesis (M.A.)--Jami'at al-Imam Muhammad ibn Sa'ud al-Islamiyah, 2008 | ||
| 504 | |a Includes bibliographical references (leaves 116-126) and index. | ||
| 596 | |a 1 4 | ||
| 650 | 0 | |a Capital stock |z Islamic countries | |
| 650 | 0 | |a Stockholders |z Islamic countries | |
| 655 | |a Theses, Facsimile edition (Islamic) | ||
| 700 | 1 | |a Mughal, Faysal ibn Zahir Bik | |
| 900 | |a arf-his | ||
| 999 | |c 436967 |c 436967 |d 469699 |d 469699 | ||
| 999 | |c 436967 |c 436967 |d 469699 |d 469699 | ||
| 952 | |0 0 |6 TI HG 004661 M951A 2008 |7 0 |8 THESES |9 758004 |a IIUM |b IIUM |c MULTIMEDIA |g 0.00 |o ti HG 4661 M951A 2008 |p 00011253427 |r 2017-10-23 |t 1 |v 0.00 |y THESIS | ||
| 952 | |0 0 |6 TI HG 004661 M951A 2008 |7 0 |8 THESES |9 758005 |a IIiBFL |b IIiBFL |c CLOSEACCES |g 250.00 |o ti HG 4661 M951A 2008 |p 00011273859 |r 2017-11-08 |t 1 |v 250.00 |y THESIS | ||
